000 00271nam a2200109Ia 4500
008 200302s9999 xx 000 0 und d
100 _aPeter Lord & Other
245 _aThe Architecture of Sound
260 _bThe Architectural Press Ltd.
260 _c1986
300 _a300 P.,
999 _c837
_d837